| 000 | 00506nam a2200181Ia 4500 | ||
|---|---|---|---|
| 005 | 20250425162822.0 | ||
| 008 | 250425s9999 xx 000 0 und d | ||
| 020 | _a0896061434 | ||
| 041 | _aeng | ||
| 100 | _aTHE NATIONAL CENTER FOR, RESEARCH IN VOCACIONAL EDUCATION | ||
| 245 | 0 | _aASSESS STUDENT PERFORMANCE: KNOWLEDGE: MODULE D-2 | |
| 250 | _a2A. ED. | ||
| 264 |
_aEstados Unidos, OHIO CITY _bAAVIM _c1984. |
||
| 300 | _a68 | ||
| 650 | _aORIENTACION VOCACIONAL | ||
| 942 | _c01 | ||
| 010 | _a110193 | ||
| 999 |
_c237066 _d237066 |
||